Getafe CF Squad 2015-2016 - Statistics

General Stats
  • This quiz has been taken 20 times
  • The average score is 15 of 27
Answer Stats
# Position Nation Player % Correct
19 DF Uruguay Damián Suárez
100%
11 FW France Karim Yoda
100%
8 MF Algeria Mehdi Lacen
100%
10 FW Spain Pablo Sarabia
100%
13 GK Spain Vicente Guaita
100%
4 DF Uruguay Emiliano Velázquez
80%
12 FW Serbia Stefan Šćepović
80%
2 DF Spain Alexis Ruano
60%
15 DF Spain Carlos Vigaray
60%
6 DF Spain Juan Cala
60%
22 MF Spain Juan Rodríguez
60%
14 FW Spain Pedro León
60%
3 DF Spain Roberto Lago
60%
18 FW Spain Víctor Rodríguez
60%
23 MF Spain Álvaro Medrán
40%
9 FW Spain Álvaro Vázquez
40%
7 FW Spain Ángel Lafita
40%
1 GK Hungary Balázs Megyeri
40%
17 MF Ghana Bernard Mensah
40%
32 FW Argentina Emiliano Buendía
40%
- Coach Spain Fran Escribá
40%
7 FW Eritrea Henok Goitom
40%
2 DF Uruguay Álvaro Pereira
20%
- Coach Argentina Juan Esnáider
20%
21 FW Spain Moi Gómez
20%
5 DF Argentina Santiago Vergini
20%
30 FW Brazil Wanderson
20%
No matching quizzes found
Score Distribution
Percent of People with Each Score
Percentile by Number Answered
Your Score History
You have not taken this quiz